U.S. State Capitals Closest to the Missouri River - Statistics

General Stats
  • This quiz has been taken 44 times
  • The average score is 8 of 10
Answer Stats
Mi U.S. State Capital Km % Correct
0 Jefferson City 0
91%
43 Lincoln 69
89%
72 Springfield 115
86%
45 Topeka 72
86%
0 Bismarck 0
83%
237 St. Paul 381
83%
119 Des Moines 192
80%
0 Pierre 0
80%
11 Helena 17
74%
222 Indianapolis 357
43%
No matching quizzes found
Score Distribution
Percent of People with Each Score
Percentile by Number Answered
Your Score History
You have not taken this quiz